00470pam a2200181 a 4500001000800000005001700008008004100025010001700066020001500083040002300098041000800121060002200129080001500151082001900166100000600185101000800191245008900199403384220180307031453.0980514s1999 nyua p 001 0 eng c a 98024810  a0766800636 aDNLM/DLCcDLCdDLC aeng10aW 18.2 S648m 1999 a610.14 SMI00a610.14 SMI2211 a4 aSHM10aMedical terminology :cGenevieve Love Smith, Phyllis E. Davis, Jean Tannis Dennerll.